Bernardo Augusto Thiel : Segundo obispo de Costa Rica /
Guardado en:
| Autor principal: | |
|---|---|
| Formato: | Desconocido |
| Lenguaje: | Spanish |
| Publicado: |
San José, Costa Rica :
Imprenta Lehmann,
1941.
|
| Materias: | |
| Etiquetas: |
Agregar Etiqueta
Sin Etiquetas, Sea el primero en etiquetar este registro!
|
MARC
| LEADER | 000000000a22000000004500 | ||
|---|---|---|---|
| 001 | 002839 | ||
| 041 | 0 | |a spa | |
| 082 | 0 | 4 | |a 92 |b T431s |
| 100 | 1 | |a Sanabria Martínez, Víctor, Arzobispo de San José, |d 1899-1952 | |
| 245 | 1 | 0 | |a Bernardo Augusto Thiel : |b Segundo obispo de Costa Rica / |c Víctor Sanabria Martínez, Arzobispo de San José. |
| 260 | 1 | |a San José, Costa Rica : |b Imprenta Lehmann, |c 1941. | |
| 300 | |a 640 páginas | ||
| 650 | 4 | |a THIEL, BERNARDO AUGUSTO, OBISPO DE COSTA RICA, 1850-1901 | |
| 999 | |c 9190 |d 9190 | ||
| 942 | |c BK |h 92 T431s |2 z | ||
